00000000nam 2200000zi 4500
0019.946054
003CaOODSP
00520250127094536
006m     o  d f      
007cr mn|||||||||
008241211e20250127oncd    obs  f000 0 eng d
020 |a9780660748467
040 |aCaOODSP|beng|erda|cCaOODSP
043 |an-cn---
0861 |aCS89-654/2025-2E-PDF
1001 |aHachouch, Youssef, |eauthor.
24510|aBarriers to accessibility related to behaviours, misconceptions or assumptions : |bfindings from the 2022 Canadian Survey on Disability / |cby Youssef Hachouch, Huda Akef, Carrly McDiarmid, Marysa Vachon, Stuart Morris and Diana Simionescu.
264 1|a[Ottawa] : |bStatistics Canada = Statistique Canada, |cJanuary 27, 2025.
264 4|c©2025
300 |a1 online resource (20 pages) : |bcolour charts.
336 |atext|btxt|2rdacontent
337 |acomputer|bc|2rdamedia
338 |aonline resource|bcr|2rdacarrier
4900 |aReports on disability and accessibility in Canada
500 |aIssued also in French under title: Obstacles à l'accessibilité liés aux comportements, aux fausses idées ou aux suppositions : résultats de l'Enquête canadienne sur l'incapacité de 2022.
500 |a"Catalogue no. 89-654-X2025002."
504 |aIncludes bibliographical references (pages 18-20).
520 |a« This study uses the 2022 Canadian Survey on Disability to explore the experiences of persons with disabilities, aged 15 years and older, with barriers to accessibility that resulted from behaviours, misconceptions or assumptions made about them from different sources in their lives. Progress towards an accessible Canada involves removing barriers within the physical and social environments of persons with disabilities, which requires an understanding of the attitudinal barriers they encounter within their interactions with others » -- Provided by publisher.
650 0|aPeople with disabilities|zCanada|vStatistics.
650 0|aBarrier-free design|zCanada|vStatistics.
655 7|aStatistics|2lcgft
7102 |aStatistics Canada, |eissuing body.
77508|tObstacles à l'accessibilité liés aux comportements, aux fausses idées ou aux suppositions : |w(CaOODSP)9.946056
85640|qPDF|s406 KB|uhttps://publications.gc.ca/collections/collection_2025/statcan/89-654-x/89-654-x2025002-eng.pdf
8564 |qHTML|sN/A|uhttps://www150.statcan.gc.ca/n1/pub/89-654-x/89-654-x2025002-eng.htm